International financial management / (Record no. 197826)

MARC details
000 -LEADER
fixed length control field 00803nam a2200229Ia 4500
005 - DATE AND TIME OF LATEST TRANSACTION
control field 20230215151948.0
008 - FIXED-LENGTH DATA ELEMENTS--GENERAL INFORMATION
fixed length control field 210716s2008 xx 000 0 und d
020 ## - INTERNATIONAL STANDARD BOOK NUMBER
International Standard Book Number 0072318252
040 ## - CATALOGING SOURCE
Transcribing agency AIMIT LIBRARY
041 ## - LANGUAGE CODE
Language code of text/sound track or separate title eng
082 ## - DEWEY DECIMAL CLASSIFICATION NUMBER
Classification number 658.1599
Edition number 2
Item number EUNC
100 ## - MAIN ENTRY--PERSONAL NAME
Personal name Eun, Cheol S.
9 (RLIN) 72455
245 ## - TITLE STATEMENT
Title International financial management /
Statement of responsibility, etc. By Cheol S Eun and Bruce G Resnick.
250 ## - EDITION STATEMENT
Edition statement 2nd ed.
260 ## - PUBLICATION, DISTRIBUTION, ETC.
Place of publication, distribution, etc. New Delhi :
Name of publisher, distributor, etc. Tata Mc Graw Hill Publishing Company ,
Date of publication, distribution, etc. 2008.
300 ## - PHYSICAL DESCRIPTION
Extent xx,524p. ;
Other physical details PB
Dimensions 27.5 cm
650 ## - SUBJECT ADDED ENTRY--TOPICAL TERM
Topical term or geographic name entry element Foundations of international financial management
9 (RLIN) 72456
650 ## - SUBJECT ADDED ENTRY--TOPICAL TERM
Topical term or geographic name entry element World financial markets and institutions
9 (RLIN) 72457
650 ## - SUBJECT ADDED ENTRY--TOPICAL TERM
Topical term or geographic name entry element Foreign exchange exposure and management
9 (RLIN) 72458
700 ## - ADDED ENTRY--PERSONAL NAME
Personal name Resnick, Bruce G.
9 (RLIN) 72459
942 ## - ADDED ENTRY ELEMENTS (KOHA)
Source of classification or shelving scheme Dewey Decimal Classification
Koha item type Book
Edition 2nd
Call number prefix 658.1599 EUNC
Holdings
Withdrawn status Lost status Source of classification or shelving scheme Damaged status Not for loan Collection code Home library Current library Date acquired Cost, normal purchase price Inventory number Total Checkouts Full call number Barcode Date last seen Cost, replacement price Price effective from Koha item type
    Dewey Decimal Classification     MBA St Aloysius Institute of Management & Information Technology St Aloysius Institute of Management & Information Technology 06/12/2004 350.00 Bill no:5955; Bill dt:2004-04-23   658.1599 EUNC MBA00391 05/23/2026 280.00 07/16/2021 Book
    Dewey Decimal Classification     MBA St Aloysius Institute of Management & Information Technology St Aloysius Institute of Management & Information Technology 06/12/2004 350.00 Bill no:5955; Bill dt:2004-04-23   658.1599 EUNC MBA00392 05/23/2026 280.00 07/16/2021 Book
    Dewey Decimal Classification   Reference Book MBA St Aloysius Institute of Management & Information Technology St Aloysius Institute of Management & Information Technology 12/01/2008   Bill no:; Bill dt:1900-01-00   658.1599 EUNC MBA05477 07/21/2025   07/16/2021 Book